| 000 | 00706nam a2200253 i 4500 | ||
|---|---|---|---|
| 001 | 0000562 | ||
| 003 | DO-SdBNP | ||
| 005 | 20180126113221.0 | ||
| 007 | 0000562 | ||
| 008 | 921113s 1960 sp a | | spa d | ||
| 016 | 7 |
_a _z |
|
| 017 |
_a _b |
||
| 035 | _a | ||
| 040 |
_aBPMSU _bspa _cBPMSU |
||
| 080 | 4 | _a | |
| 100 | 1 | _aGonzález Ruiz, Isabel | |
| 245 | 1 | 4 |
_aLos hermanos de Falito y otros cuentos / _cIsabel González Ruiz ; ilustraciones Jesús Bernal _h |
| 260 |
_aMadrid : _bEscuela española, _c1960. |
||
| 300 |
_a127 p. : _bil., _c22 cm. |
||
| 700 | 1 | 2 |
_aBernal, Jesús _eil. |
| 942 |
_2ddc _cBK |
||
| 945 | _aInventariado extranjero / 2018 VM | ||
| 956 |
_aylockward _210 _6BPMSU _800151 |
||
| 999 |
_c11007 _d11007 |
||